=LDR 00000nam 2200000 4500 =001 INLIS000000000038236 =005 20140701134915.0 =006 =007 =008 Ind =035 ##$$a 0010-061300000038236 =041 ##$$a Ind =082 ##$$a 641.5 =090 ##$$a 641.5, Dam m =100 ##$$a Damayanti, Diana =245 ##$$a Masak bersama di kecil, Tips kenalkan aneka jenis masakan, Diana Damayanti =260 ##$$a 2011 $b Jakarta =300 ##$$a 85 hlm, Ilus, 21 cm =650 ##$$a Masakan, Resep =850 ##$$a NBPNMAT